[Event "33. Open Ciudad de San Sebastian"]
[Site "San Sebastián ESP"]
[Date "2010.03.29"]
[Round "2.5"]
[White "Aranaz Portugues, Jose Carlos"]
[Black "San Segundo Carrillo, Pablo"]
[Result "0-1"]
[WhiteElo "2169"]
[BlackElo "2534"]
[PlyCount "138"]
[EventDate "2010.03.28"]
[EventType "swiss"]
[EventRounds "9"]
[EventCountry "ESP"]
[Source "lmi"]
[SourceDate "2010.03.28"]

1. d4 Nf6 2. Bg5 e6 3. Nd2 c5 4. e3 cxd4 5. exd4 Be7 6. Ngf3 d6 7. Bd3 Nbd7 8.
O-O O-O 9. Re1 b6 10. Qe2 Bb7 11. c3 a6 12. a4 Re8 13. h3 Nf8 14. Bf4 Nd5 15.
Bg3 Ng6 16. Be4 Qd7 17. Nc4 Qc7 18. Nfd2 Ndf4 19. Qf3 Bxe4 20. Rxe4 Nd5 21.
Ree1 Nf6 22. Ne3 Rac8 23. Qe2 Qb7 24. Ng4 Nd5 25. Qf3 Qc6 26. Ne3 Nf6 27. Qxc6
Rxc6 28. Nc2 d5 29. Ne3 h5 30. f3 Rec8 31. Nd1 h4 32. Bh2 Nh5 33. Nf2 Ngf4 34.
Nb3 Ng3 35. Nc1 Bd6 36. Bxg3 hxg3 37. Nfd3 Ng6 38. Ne2 Nh4 39. f4 Nf5 40. Rf1
b5 41. axb5 axb5 42. b4 Rxc3 43. Nxc3 Rxc3 44. Ne5 f6 45. Rf3 Bxb4 46. Ra8+ Kh7
47. Rxc3 Bxc3 48. Nc6 Nxd4 49. Nxd4 Bxd4+ 50. Kf1 b4 51. Rb8 Bc3 52. Ke2 Kg6
53. Rb7 d4 54. Kd3 Kf5 55. Rxg7 b3 56. Rxg3 b2 57. Kc2 Ke4 58. f5 d3+ 59. Rxd3
b1=Q+ 60. Kxb1 Kxd3 61. fxe6 Bb4 62. h4 Ke4 63. g4 Ke5 64. g5 f5 65. h5 Kxe6
66. Kc2 Be7 67. g6 Kf6 68. Kd3 Bf8 69. Kd4 Kg5 0-1

[Event "33. Open Ciudad de San Sebastian"]
[Site "San Sebastián ESP"]
[Date "2010.03.29"]
[Round "2.6"]
[White "Cabrera, Alexis"]
[Black "Andersen, Alf R"]
[Result "1/2-1/2"]
[WhiteElo "2533"]
[BlackElo "2185"]
[PlyCount "60"]
[EventDate "2010.03.28"]
[EventType "swiss"]
[EventRounds "9"]
[EventCountry "ESP"]
[Source "lmi"]
[SourceDate "2010.03.28"]

1. e4 d6 2. d4 Nf6 3. Nc3 g6 4. f4 Bg7 5. Nf3 c5 6. Bb5+ Bd7 7. Bxd7+ Nfxd7 8.
d5 Na6 9. O-O Nc7 10. a4 O-O 11. f5 a6 12. Qe1 b5 13. axb5 Nxb5 14. Nxb5 axb5
15. Rxa8 Qxa8 16. Qh4 Nf6 17. fxg6 fxg6 18. Ng5 Qa4 19. c3 Nh5 20. Re1 Qc2 21.
Nf3 b4 22. cxb4 cxb4 23. Qxe7 Rxf3 24. gxf3 Bd4+ 25. Be3 Bxe3+ 26. Rxe3 Nf4 27.
Qe8+ Kg7 28. Qe7+ Kg8 29. Qe8+ Kg7 30. Qe7+ Kg8 1/2-1/2

[Event "33. Open Ciudad de San Sebastian"]
[Site "San Sebastián ESP"]
[Date "2010.03.29"]
[Round "2.7"]
[White "Hagemann, Tim Dr"]
[Black "Movsziszian, Karen"]
[Result "0-1"]
[WhiteElo "2164"]
[BlackElo "2530"]
[PlyCount "104"]
[EventDate "2010.03.28"]
[EventType "swiss"]
[EventRounds "9"]
[EventCountry "ESP"]
[Source "lmi"]
[SourceDate "2010.03.28"]

1. d4 d6 2. e4 g6 3. Nf3 Bg7 4. c3 Nf6 5. Nbd2 O-O 6. Be2 c5 7. dxc5 dxc5 8.
O-O Nc6 9. Qc2 Qc7 10. Nc4 b6 11. Re1 Bb7 12. Bf1 Rad8 13. Bg5 h6 14. Bh4 Nh5
15. Ne3 g5 16. Bg3 Nxg3 17. hxg3 e6 18. Rad1 Ne7 19. Rxd8 Rxd8 20. a4 Ng6 21.
Nc4 g4 22. Nfd2 h5 23. Re3 Bf6 24. Rd3 Rf8 25. Qd1 Kg7 26. Qe1 Bc6 27. b3 a6
28. f4 gxf3 29. gxf3 b5 30. axb5 axb5 31. e5 Nxe5 32. Nxe5 Qxe5 33. Re3 Qc7 34.
Ne4 Be7 35. c4 bxc4 36. bxc4 Rg8 37. f4 Kf8 38. Bg2 h4 39. Qf2 Bxe4 40. Rxe4
hxg3 41. Qe2 Bf6 42. f5 Bd4+ 43. Kf1 Qb6 44. fxe6 fxe6 45. Qc2 Qc7 46. Qd2 Ke7
47. Rxe6+ Kd8 48. Re4 Rg6 49. Qa2 Rf6+ 50. Ke1 Bc3+ 51. Kd1 Qd7+ 52. Kc1 Ra6
0-1

[Event "33. Open Ciudad de San Sebastian"]
[Site "San Sebastián ESP"]
[Date "2010.03.29"]
[Round "2.8"]
[White "Cifuentes Parada, Roberto"]
[Black "Diez Fraile, David"]
[Result "1-0"]
[WhiteElo "2525"]
[BlackElo "2168"]
[PlyCount "83"]
[EventDate "2010.03.28"]
[EventType "swiss"]
[EventRounds "9"]
[EventCountry "ESP"]
[Source "lmi"]
[SourceDate "2010.03.28"]

1. Nf3 Nf6 2. c4 c5 3. Nc3 e6 4. d4 cxd4 5. Nxd4 a6 6. g3 Qc7 7. Bg2 Qxc4 8.
Bf4 Nc6 9. Nxc6 bxc6 10. O-O a5 11. Rc1 Qb4 12. e4 Be7 13. a3 Qb7 14. Bd6 Bxd6
15. Qxd6 Qb8 16. Qc5 Qa7 17. Qxa7 Rxa7 18. Nb5 Ra6 19. Nc7+ Ke7 20. Nxa6 Bxa6
21. Rfd1 Rb8 22. Rd2 h6 23. f3 Rb6 24. Rc5 Bb5 25. Bf1 d6 26. Rc3 Bxf1 27. Kxf1
Nd7 28. Ke2 c5 29. f4 f6 30. Kd1 e5 31. Kc2 a4 32. f5 Nb8 33. Rcd3 Na6 34. Rc3
Nb8 35. Rc4 Ra6 36. b3 axb3+ 37. Kxb3 Nc6 38. Ra4 Nd4+ 39. Rdxd4 Rb6+ 40. Rdb4
cxb4 41. Ra7+ Kf8 42. axb4 1-0

[Event "33. Open Ciudad de San Sebastian"]
[Site "San Sebastián ESP"]
[Date "2010.03.29"]
[Round "2.10"]
[White "Llaneza Vega, Marcos"]
[Black "Ros Eskisabel, Jose Ramon"]
[Result "1-0"]
[WhiteElo "2514"]
[BlackElo "2143"]
[PlyCount "67"]
[EventDate "2010.03.28"]
[EventType "swiss"]
[EventRounds "9"]
[EventCountry "ESP"]
[Source "lmi"]
[SourceDate "2010.03.28"]

1. e4 e5 2. Nf3 Nc6 3. Bb5 g6 4. d4 exd4 5. c3 Nge7 6. cxd4 d5 7. exd5 Nxd5 8.
O-O Bg7 9. Re1+ Be6 10. Ne5 Qd6 11. Nd2 O-O 12. Ne4 Qb4 13. Bxc6 bxc6 14. Nxc6
Qb6 15. Ne5 Rad8 16. Nc5 Rfe8 17. Nc4 Qb4 18. Nxe6 fxe6 19. Ne5 Qb6 20. Bg5 Nf6
21. Qf3 Rf8 22. Qh3 Rfe8 23. Rac1 Rd5 24. Be3 Qa5 25. a3 c5 26. Nc4 Qc7 27.
dxc5 Ne4 28. Qg4 Nf6 29. Qg3 e5 30. b4 Rf8 31. Bg5 Nh5 32. Qb3 Kh8 33. Nd6 Rd4
34. Nb5 1-0

[Event "33. Open Ciudad de San Sebastian"]
[Site "San Sebastián ESP"]
[Date "2010.03.29"]
[Round "2.11"]
[White "Guijarro Galan, Jose Luis"]
[Black "Alonso Rosell, Alvar"]
[Result "0-1"]
[WhiteElo "2104"]
[BlackElo "2509"]
[PlyCount "46"]
[EventDate "2010.03.28"]
[EventType "swiss"]
[EventRounds "9"]
[EventCountry "ESP"]
[Source "lmi"]
[SourceDate "2010.03.28"]

1. e4 c5 2. Nf3 Nf6 3. Nc3 d6 4. d4 cxd4 5. Nxd4 a6 6. Bg5 e6 7. f4 Be7 8. Qf3
Qc7 9. O-O-O Nbd7 10. g4 O-O 11. Rg1 Rb8 12. Bxf6 Bxf6 13. g5 Bxd4 14. Rxd4 b5
15. a3 Qc5 16. Ne2 Bb7 17. Bh3 Rfc8 18. Qd3 Nb6 19. g6 hxg6 20. f5 exf5 21.
exf5 Re8 22. Nf4 Be4 23. Ne6 Rxe6 0-1

[Event "33. Open Ciudad de San Sebastian"]
[Site "San Sebastián ESP"]
[Date "2010.03.29"]
[Round "2.14"]
[White "Alvarez Pedraza, Aramis"]
[Black "Korhonen, Pasi"]
[Result "1-0"]
[WhiteElo "2486"]
[BlackElo "2102"]
[PlyCount "137"]
[EventDate "2010.03.28"]
[EventType "swiss"]
[EventRounds "9"]
[EventCountry "ESP"]
[Source "lmi"]
[SourceDate "2010.03.28"]

1. g3 Nf6 2. Bg2 e5 3. d3 Bc5 4. a3 d5 5. b4 Bb6 6. Bb2 O-O 7. e3 Re8 8. Nd2 c6
9. Ngf3 Nbd7 10. O-O a5 11. c4 axb4 12. axb4 Rxa1 13. Qxa1 Bc7 14. Bc3 Qe7 15.
Rb1 Nf8 16. b5 Ng6 17. bxc6 bxc6 18. Qa4 Qd7 19. Ne1 Qe6 20. Nb3 Nd7 21. Ba5
Bxa5 22. Nxa5 Ne7 23. Nc2 Qg6 24. cxd5 cxd5 25. Nb4 Qd6 26. Rc1 Nf6 27. Nac6
Bd7 28. Nxe7+ Rxe7 29. Qa5 d4 30. Nc6 Re8 31. exd4 exd4 32. Nb4 h6 33. h3 Be6
34. Rc6 Qd7 35. Kh2 Rb8 36. Qc5 Rd8 37. Ra6 Kh7 38. Nc6 Qd6 39. Qa5 Re8 40. Nb4
Qe7 41. Qb6 Qd8 42. Qc5 Qc8 43. Rc6 Qd7 44. Rd6 Qa4 45. Qxd4 Qd1 46. g4 Qd2 47.
Nc6 h5 48. Ne5 hxg4 49. Nxg4 Bxg4 50. hxg4 Qg5 51. Kg3 Nh5+ 52. Kf3 Nf6 53. Qf4
Qh4 54. g5 Qxf4+ 55. Kxf4 Nh5+ 56. Kg4 g6 57. Rd7 Kg8 58. Bd5 Rf8 59. Bc4 Ng7
60. Rd6 Kh7 61. Rf6 Kg8 62. Rxg6 Rd8 63. Rf6 Rd4+ 64. f4 Ne6 65. g6 Kg7 66.
Rxf7+ Kxg6 67. Bxe6 Rxd3 68. Bf5+ Kxf7 69. Bxd3 1-0

[Event "33. Open Ciudad de San Sebastian"]
[Site "San Sebastián ESP"]
[Date "2010.03.29"]
[Round "2.15"]
[White "Uriarte Prieto, Goyo"]
[Black "Recuero Guerra, David"]
[Result "0-1"]
[WhiteElo "2086"]
[BlackElo "2481"]
[PlyCount "40"]
[EventDate "2010.03.28"]
[EventType "swiss"]
[EventRounds "9"]
[EventCountry "ESP"]
[Source "lmi"]
[SourceDate "2010.03.28"]

1. e4 c5 2. Nc3 a6 3. g3 b5 4. Bg2 Bb7 5. f4 e6 6. d3 d5 7. e5 h5 8. Nf3 Nh6 9.
Ne2 d4 10. O-O Nc6 11. c3 dxc3 12. bxc3 Nf5 13. Bh3 Qd7 14. a4 Rd8 15. axb5
axb5 16. Bxf5 exf5 17. Qb3 Qxd3 18. Kf2 Qxf3+ 19. Ke1 Qd3 20. e6 f6 0-1

[Event "33. Open Ciudad de San Sebastian"]
[Site "San Sebastián ESP"]
[Date "2010.03.29"]
[Round "2.17"]
[White "Santos Etxepare, Agustin"]
[Black "Garro Beraza, Julen"]
[Result "0-1"]
[WhiteElo "1593"]
[BlackElo "1881"]
[PlyCount "136"]
[EventDate "2010.03.28"]
[EventType "swiss"]
[EventRounds "9"]
[EventCountry "ESP"]
[Source "lmi"]
[SourceDate "2010.03.28"]

1. d4 Nf6 2. c4 g6 3. Nc3 Bg7 4. Nf3 O-O 5. e4 d6 6. Be2 e5 7. Bg5 Nbd7 8. O-O
c6 9. Qc2 Qc7 10. Rad1 Re8 11. d5 c5 12. Nb5 Qb6 13. a4 Nf8 14. Ra1 h6 15. Bd2
a5 16. Ra3 Nh5 17. Rb3 Qd8 18. g3 Bh3 19. Re1 Qd7 20. Bf1 Bg4 21. Nh4 Qe7 22.
f3 Bd7 23. Nc7 Bxa4 24. Nxa8 Bxb3 25. Qxb3 Rxa8 26. Ra1 Qc7 27. Qb5 b6 28. Ra3
Nd7 29. Bh3 Nhf6 30. Rb3 Kh7 31. Qc6 Rc8 32. Qb5 Bf8 33. Ng2 Be7 34. Ne3 Rf8
35. Ng4 Nxg4 36. Bxg4 f5 37. exf5 gxf5 38. Bh3 Bd8 39. Kf2 Rf7 40. Ke2 Nf8 41.
Qc6 Qe7 42. Kf2 Ng6 43. Qc8 f4 44. Bf5 Qg5 45. Bxg6+ Kxg6 46. Qe6+ Kg7 47. Kg2
Qg6 48. Qxg6+ Kxg6 49. g4 h5 50. h3 hxg4 51. hxg4 Kg5 52. Be1 Re7 53. Kh3 Rh7+
54. Kg2 Rh8 55. Rc3 Re8 56. Kh3 Kg6 57. Rc2 e4 58. fxe4 Rxe4 59. Bf2 Bf6 60. b3
Bd4 61. Kh4 Re7 62. g5 Kf5 63. Kh3 Bxf2 64. Rxf2 Kxg5 65. Rg2+ Kf5 66. Rf2 Re3+
67. Kg2 Rxb3 68. Re2 f3+ 0-1

[Event "33. Open Ciudad de San Sebastian"]
[Site "San Sebastián ESP"]
[Date "2010.03.29"]
[Round "2.18"]
[White "Garro Beraza, Haritz"]
[Black "Barria Zuniga, Daniel"]
[Result "1/2-1/2"]
[WhiteElo "2075"]
[BlackElo "2435"]
[PlyCount "163"]
[EventDate "2010.03.28"]
[EventType "swiss"]
[EventRounds "9"]
[EventCountry "ESP"]
[Source "lmi"]
[SourceDate "2010.03.28"]

1. e4 g6 2. Nf3 Bg7 3. Nc3 c6 4. d4 d5 5. h3 Nh6 6. Be2 O-O 7. O-O f6 8. Re1
Nf7 9. Be3 e6 10. Qd2 b6 11. Rad1 Ba6 12. Bxa6 Nxa6 13. exd5 exd5 14. Bf4 Nc7
15. Re2 Nd6 16. Rde1 Re8 17. Qd3 Qd7 18. Nd2 Kf7 19. Rxe8 Rxe8 20. Rxe8 Ncxe8
21. Ne2 Nc7 22. Qa3 Ndb5 23. Qd3 Ne6 24. Be3 Nd6 25. c3 Nf5 26. Nf1 c5 27. dxc5
bxc5 28. Bd2 Ne7 29. Ne3 f5 30. b3 Qc6 31. Nc2 Bf6 32. Be3 a5 33. Qd2 Qa6 34.
Nf4 Nxf4 35. Bxf4 a4 36. Be3 axb3 37. axb3 Qa5 38. b4 cxb4 39. cxb4 Qa2 40. Qd3
Nc6 41. Kh2 Ne5 42. Qd2 Qc4 43. Na3 Qd3 44. Qxd3 Nxd3 45. Nc2 Ke6 46. Kg1 d4
47. Bxd4 Nxb4 48. Bxf6 Nxc2 49. Bc3 f4 50. Kf1 Kf5 51. Ke2 Na3 52. g4+ fxg3 53.
fxg3 Ke4 54. h4 h5 55. Bb4 Nc4 56. Bc5 Ne5 57. Bd6 Nf3 58. Bb8 Nd4+ 59. Kf2 Nf5
60. Bc7 Nd4 61. Bb8 Nc6 62. Bc7 Nb4 63. Bb8 Nd3+ 64. Ke2 Nc5 65. Bc7 Kf5 66.
Kf3 Nd3 67. Bb8 Ne5+ 68. Ke3 Nc6 69. Bc7 Kg4 70. Kf2 Ne7 71. Bb8 Nd5 72. Be5
Kf5 73. Bb8 Ke4 74. Bd6 Ne3 75. Bb8 Ng4+ 76. Ke2 Nh6 77. Bc7 Nf5 78. Bb8 Ne7
79. Bc7 Nc6 80. Kf2 Nb4 81. Bb8 Nd3+ 82. Ke2 1/2-1/2

[Event "33. Open Ciudad de San Sebastian"]
[Site "San Sebastián ESP"]
[Date "2010.03.29"]
[Round "2.19"]
[White "Ledger, Andrew J"]
[Black "Benson, Oisin P"]
[Result "0-1"]
[WhiteElo "2431"]
[BlackElo "2065"]
[PlyCount "104"]
[EventDate "2010.03.28"]
[EventType "swiss"]
[EventRounds "9"]
[EventCountry "ESP"]
[Source "lmi"]
[SourceDate "2010.03.28"]

1. Nf3 Nf6 2. c4 g6 3. g3 Bg7 4. Bg2 O-O 5. O-O d6 6. d4 Nbd7 7. Nc3 e5 8. e4
exd4 9. Nxd4 Ne5 10. b3 a6 11. f4 Ned7 12. Bb2 Re8 13. Qd2 Rb8 14. Rad1 Nc5 15.
Rde1 Ncd7 16. h3 c5 17. Nc2 b5 18. cxb5 axb5 19. Qxd6 Re6 20. Qd2 b4 21. Nd1
Bb7 22. e5 Ne8 23. Nce3 Bxg2 24. Qxg2 Qa5 25. Ba1 Nb6 26. Re2 Rc8 27. Nc4 Nxc4
28. bxc4 Rd8 29. Rd2 Rxd2 30. Qxd2 Nd6 31. Ne3 Ne4 32. Qg2 f5 33. exf6 Nxf6 34.
Nd5 Qa3 35. Rd1 Nxd5 36. cxd5 Re3 37. Kh2 Bxa1 38. Rxa1 Qd3 39. Rf1 c4 40. Rf2
c3 41. h4 Re1 42. d6 Qxd6 43. f5 Rd1 44. Qa8+ Qd8 45. Qe4 Rd2 46. Qe6+ Kf8 47.
Kg1 Rxf2 48. Kxf2 c2 49. fxg6 hxg6 50. Qe5 c1=Q 51. Qh8+ Ke7 52. Qg7+ Ke6 0-1

[Event "33. Open Ciudad de San Sebastian"]
[Site "San Sebastián ESP"]
[Date "2010.03.29"]
[Round "2.20"]
[White "Bae, Torstein"]
[Black "Navarro Rivas, Rashid"]
[Result "1/2-1/2"]
[WhiteElo "2414"]
[BlackElo "2046"]
[PlyCount "128"]
[EventDate "2010.03.28"]
[EventType "swiss"]
[EventRounds "9"]
[EventCountry "ESP"]
[Source "lmi"]
[SourceDate "2010.03.28"]

1. d4 Nf6 2. c4 d6 3. Nc3 g6 4. e4 Bg7 5. Nge2 Nc6 6. d5 Nb8 7. Ng3 c6 8. Be2
Nbd7 9. O-O O-O 10. Be3 a5 11. h3 Qc7 12. Rc1 e5 13. Qd2 Ne8 14. Kh2 c5 15. b3
Qd8 16. a3 Bf6 17. Nb5 Be7 18. f4 exf4 19. Bxf4 Ne5 20. b4 b6 21. Nh1 Ng7 22.
Nf2 axb4 23. axb4 Bd7 24. Qb2 Ra4 25. bxc5 bxc5 26. Nxd6 Bxd6 27. Bxe5 Rb4 28.
Qc3 Rb3 29. Qxb3 Bxe5+ 30. Kh1 Qh4 31. Rcd1 f5 32. Nd3 Qg3 33. Nxe5 Qxb3 34.
Nxd7 Ra8 35. e5 Ra2 36. Rb1 Rb2 37. Nxc5 Qa3 38. Rxb2 Qxb2 39. Bf3 Qxe5 40. Rd1
Ne8 41. Nd3 Qg3 42. c5 Nf6 43. c6 g5 44. Rc1 Ne8 45. Re1 Nc7 46. Rf1 g4 47.
hxg4 fxg4 48. Be4 Qh4+ 49. Kg1 g3 50. Rf4 Qe7 51. Kf1 h5 52. Bf3 Qe3 53. Be4
Nb5 54. c7 Nxc7 55. d6 Ne6 56. d7 Qd2 57. Rf3 Qd1+ 58. Ne1 Qxd7 59. Rxg3+ Ng7
60. Rd3 Qb5 61. Kf2 Qb2+ 62. Kf1 Qb5 63. Kf2 Qb2+ 64. Kf1 Qb5 1/2-1/2

[Event "33. Open Ciudad de San Sebastian"]
[Site "San Sebastián ESP"]
[Date "2010.03.29"]
[Round "2.21"]
[White "Bas Mas, Jose Joaquin"]
[Black "Collins, Sam E"]
[Result "0-1"]
[WhiteElo "2051"]
[BlackElo "2401"]
[PlyCount "140"]
[EventDate "2010.03.28"]
[EventType "swiss"]
[EventRounds "9"]
[EventCountry "ESP"]
[Source "lmi"]
[SourceDate "2010.03.28"]

1. e4 e5 2. Nf3 Nc6 3. Bb5 a6 4. Ba4 Nf6 5. O-O Be7 6. Re1 b5 7. Bb3 d6 8. c3
O-O 9. h3 Na5 10. Bc2 c5 11. d4 Qc7 12. d5 Nc4 13. b3 Nb6 14. Nbd2 c4 15. Bb2
Bd7 16. Nf1 Rfc8 17. Ne3 a5 18. Nd2 cxb3 19. axb3 a4 20. bxa4 Nxa4 21. Bxa4
Rxa4 22. Rxa4 bxa4 23. Qc2 Qc5 24. Ra1 Nh5 25. Ba3 Qc7 26. Rb1 Rb8 27. Rxb8+
Qxb8 28. Qb1 Qc7 29. Ndc4 Nf4 30. Qb6 Bd8 31. Qxd6 Ne2+ 32. Kh2 Qxd6 33. Nxd6
Nxc3 34. Nec4 Bc7 35. g3 f6 36. f3 Nb5 37. Nxb5 Bxb5 38. Ne3 g6 39. Kg2 Kf7 40.
h4 Bb6 41. Nd1 Bd4 42. Nf2 Be2 43. g4 Ke8 44. Nh1 Kd7 45. Ng3 Bd3 46. Nf1 Bb6
47. Nh2 Bc7 48. g5 Bd6 49. Bb2 a3 50. Ba1 f5 51. exf5 Bxf5 52. Nf1 Bc7 53. Ne3
a2 54. Nc4 e4 55. d6 Bb8 56. fxe4 Bxe4+ 57. Kf2 Bd5 58. Ne3 Be6 59. Ke2 Bxd6
60. Kf3 Kc6 61. Nc2 Kc5 62. Ne3 Bb3 63. Nf1 Kb4 64. Ne3 Kc5 65. Nf1 Bc4 66. Ne3
Bd5+ 67. Kf2 Bb7 68. Ng4 Kc4 69. Ke2 Kb3 70. Ne3 Bg3 0-1

[Event "33. Open Ciudad de San Sebastian"]
[Site "San Sebastián ESP"]
[Date "2010.03.29"]
[Round "2.22"]
[White "Pasanen, Tuomo"]
[Black "Argandona Riveiro, Inigo"]
[Result "0-1"]
[WhiteElo "2041"]
[BlackElo "2388"]
[PlyCount "64"]
[EventDate "2010.03.28"]
[EventType "swiss"]
[EventRounds "9"]
[EventCountry "ESP"]
[Source "lmi"]
[SourceDate "2010.03.28"]

1. d4 d6 2. c4 e5 3. Nf3 Nd7 4. Nc3 Ngf6 5. g3 Be7 6. Bg2 O-O 7. O-O c6 8. b3
Re8 9. Bb2 e4 10. Ng5 d5 11. e3 h6 12. Nh3 dxc4 13. Nxe4 Nxe4 14. Bxe4 Ba3 15.
Bxa3 Rxe4 16. Nf4 cxb3 17. axb3 Nf6 18. Qe2 Nd5 19. Ng2 Bh3 20. Rfe1 Qf6 21. f3
Bxg2 22. fxe4 Bxe4 23. Qf2 Qg6 24. Rac1 Re8 25. Rcd1 Re6 26. Rf1 h5 27. h4 Rf6
28. Qh2 Nxe3 29. Rxf6 Qxf6 30. Re1 Qf3 31. Bc1 Ng4 32. Qh3 Qf2# 0-1

[Event "33. Open Ciudad de San Sebastian"]
[Site "San Sebastián ESP"]
[Date "2010.03.29"]
[Round "2.23"]
[White "Alonso Arburu, Juan Ignacio"]
[Black "Thomassen, Thomas"]
[Result "0-1"]
[WhiteElo "2372"]
[BlackElo "2041"]
[PlyCount "114"]
[EventDate "2010.03.28"]
[EventType "swiss"]
[EventRounds "9"]
[EventCountry "ESP"]
[Source "lmi"]
[SourceDate "2010.03.28"]

1. e4 c5 2. Nf3 e6 3. d4 cxd4 4. Nxd4 Nc6 5. Nxc6 bxc6 6. Bd3 Nf6 7. O-O d5 8.
Nc3 Be7 9. Qe2 Nd7 10. exd5 cxd5 11. Re1 Bb7 12. Qh5 Nf6 13. Bb5+ Kf8 14. Qh3
Qb6 15. Bd3 Ba6 16. Be3 Qc6 17. Ne2 Bxd3 18. cxd3 h6 19. a3 Kg8 20. Nd4 Qd7 21.
Nf3 Bd6 22. Bd4 Kh7 23. g4 Rhe8 24. Ne5 Bxe5 25. Rxe5 Qa4 26. b4 Nd7 27. Rh5 e5
28. Be3 Re6 29. d4 exd4 30. Bxd4 Rae8 31. Qf3 Kg8 32. Rxd5 Nf8 33. Ra5 Re1+ 34.
Kg2 Qd7 35. Rd5 Qc7 36. Rxe1 Rxe1 37. Bc3 Ng6 38. Rc5 Nf4+ 39. Kg3 Rg1+ 40. Kh4
g5+ 41. Rxg5+ hxg5+ 42. Kxg5 Ne6+ 43. Kf5 Qd7 44. Ke5 Rd1 45. h3 Rd3 46. Qa8+
Nf8 47. Bb2 Rxh3 48. Bd4 Qe6+ 49. Kf4 Qd6+ 50. Be5 Qd2+ 51. Kf5 Qxf2+ 52. Bf4
Qc2+ 53. Ke5 Qc3+ 54. Kf5 Rf3 55. g5 Qxa3 56. Qb8 Qd3+ 57. Kg4 Qe4 0-1

[Event "33. Open Ciudad de San Sebastian"]
[Site "San Sebastián ESP"]
[Date "2010.03.29"]
[Round "2.24"]
[White "Fehr, Jukka"]
[Black "Almeida Toledano, Daniel"]
[Result "0-1"]
[WhiteElo "2024"]
[BlackElo "2367"]
[PlyCount "60"]
[EventDate "2010.03.28"]
[EventType "swiss"]
[EventRounds "9"]
[EventCountry "ESP"]
[Source "lmi"]
[SourceDate "2010.03.28"]

1. d4 d5 2. Nf3 Nf6 3. e3 c6 4. Bd3 Bg4 5. c4 Nbd7 6. Qb3 Bxf3 7. gxf3 Qb6 8.
Qxb6 Nxb6 9. b3 e6 10. a3 Nbd7 11. Bb2 g6 12. Nc3 Bg7 13. O-O-O O-O 14. Ne2
Rfe8 15. f4 c5 16. Kb1 cxd4 17. Bxd4 Rec8 18. cxd5 Nxd5 19. Bxg7 Kxg7 20. e4
N5f6 21. b4 a5 22. Bb5 Nb6 23. Rd4 axb4 24. axb4 Ra3 25. Rd3 Rca8 26. Rxa3 Rxa3
27. Kb2 Rf3 28. f5 gxf5 29. e5 Ng4 30. Rd1 Nxe5 0-1

[Event "33. Open Ciudad de San Sebastian"]
[Site "San Sebastián ESP"]
[Date "2010.03.29"]
[Round "2.25"]
[White "Segura Del Frago, Imanol"]
[Black "Andres Gonzalez, Ivan"]
[Result "0-1"]
[WhiteElo "2010"]
[BlackElo "2340"]
[PlyCount "72"]
[EventDate "2010.03.28"]
[EventType "swiss"]
[EventRounds "9"]
[EventCountry "ESP"]
[Source "lmi"]
[SourceDate "2010.03.28"]

1. e4 c5 2. Nc3 Nc6 3. Nf3 Nf6 4. d4 cxd4 5. Nxd4 d6 6. Bg5 Bd7 7. Qd2 Rc8 8.
Be2 a6 9. O-O b5 10. a3 h6 11. Bxf6 gxf6 12. Rad1 h5 13. Nf5 Ne5 14. Rfe1 Nc4
15. Bxc4 Rxc4 16. b3 Rc5 17. Qd4 Rg8 18. Nd5 Be6 19. Rd2 Rxd5 20. exd5 Bxf5 21.
Qxf6 Bg4 22. Kh1 Bg7 23. Qg5 Kf8 24. f3 Bc8 25. Rde2 Be5 26. Qh6+ Ke8 27. f4
Bc3 28. Rxe7+ Qxe7 29. Rxe7+ Kxe7 30. Qxh5 Bf6 31. h3 Rh8 32. Qf3 Kd8 33. g4
Re8 34. g5 Bd4 35. Qh5 Rh8 36. Qxf7 Bxh3 0-1

[Event "33. Open Ciudad de San Sebastian"]
[Site "San Sebastián ESP"]
[Date "2010.03.29"]
[Round "2.26"]
[White "Jakobsen, Ole"]
[Black "Tome Vazquez, Oscar"]
[Result "1-0"]
[WhiteElo "2332"]
[BlackElo "2015"]
[PlyCount "85"]
[EventDate "2010.03.28"]
[EventType "swiss"]
[EventRounds "9"]
[EventCountry "ESP"]
[Source "lmi"]
[SourceDate "2010.03.28"]

1. d4 g6 2. e4 Bg7 3. c4 d6 4. Nc3 e5 5. Nge2 Nc6 6. Be3 Nh6 7. f3 f5 8. d5 Ne7
9. Qd2 f4 10. Bf2 Nf7 11. Nc1 O-O 12. b4 g5 13. h3 a6 14. Nb3 Bd7 15. a4 c6 16.
a5 Ng6 17. O-O-O Ne7 18. Kb2 cxd5 19. Bb6 Qe8 20. cxd5 Nc8 21. Qf2 Bf6 22. Ra1
Bd8 23. Bxd8 Qxd8 24. b5 axb5 25. Nxb5 Bxb5 26. Bxb5 Na7 27. Bd3 Qd7 28. Qb6
Rfc8 29. Rhc1 Rxc1 30. Rxc1 Nc8 31. Qc7 Qxc7 32. Rxc7 Rb8 33. Bb5 Nd8 34. Be8
Kf8 35. Bh5 Kg8 36. Rd7 Na7 37. Rxd6 Nb5 38. Rd7 h6 39. Be8 Na7 40. Nc5 Kf8 41.
Bh5 Nb5 42. Ne6+ Nxe6 43. dxe6 1-0

[Event "33. Open Ciudad de San Sebastian"]
[Site "San Sebastián ESP"]
[Date "2010.03.29"]
[Round "2.27"]
[White "Torres, Patrice"]
[Black "Thomassen, Joachim"]
[Result "0-1"]
[WhiteElo "2003"]
[BlackElo "2331"]
[PlyCount "92"]
[EventDate "2010.03.28"]
[EventType "swiss"]
[EventRounds "9"]
[EventCountry "ESP"]
[Source "lmi"]
[SourceDate "2010.03.28"]

1. d4 Nf6 2. Nf3 e6 3. c4 c5 4. d5 exd5 5. cxd5 d6 6. Nc3 g6 7. h3 Bg7 8. e4
O-O 9. Bd3 a6 10. a4 Nbd7 11. Bf4 Qe7 12. O-O Nh5 13. Bh2 Ne5 14. Nxe5 Bxe5 15.
Bxe5 Qxe5 16. Be2 Nf4 17. Bg4 Qg5 18. Qf3 f5 19. exf5 gxf5 20. g3 fxg4 21. gxf4
Rxf4 22. Qg3 Rf3 23. Qh2 Rxh3 24. Qxd6 Qh4 25. Kg2 Bf5 26. Rae1 Rf8 27. Rh1 b5
28. axb5 axb5 29. Rxh3 gxh3+ 30. Kh1 b4 31. Rg1+ Bg6 32. Qe6+ Kh8 33. Qe5+ Qf6
34. Qxf6+ Rxf6 35. Na4 Rxf2 36. Nxc5 Rc2 37. Rd1 Rxc5 38. d6 Rc8 39. Kh2 Bf5
40. Kg3 Kg7 41. Kf4 Kf6 42. Rd5 Be6 43. Rh5 Rc4+ 44. Ke3 Rc6 45. Rxh7 Rxd6 46.
Rb7 b3 0-1

[Event "33. Open Ciudad de San Sebastian"]
[Site "San Sebastián ESP"]
[Date "2010.03.29"]
[Round "2.28"]
[White "Segovia Sanchez, Antonio"]
[Black "Cruz-Lopez Claret, Carlos"]
[Result "0-1"]
[WhiteElo "1998"]
[BlackElo "2318"]
[PlyCount "102"]
[EventDate "2010.03.28"]
[EventType "swiss"]
[EventRounds "9"]
[EventCountry "ESP"]
[Source "lmi"]
[SourceDate "2010.03.28"]

1. d4 d5 2. Bf4 Nf6 3. e3 c5 4. c3 Nc6 5. Nf3 Qb6 6. Qb3 c4 7. Qxb6 axb6 8.
Nbd2 b5 9. Ne5 e6 10. Be2 Nxe5 11. Bxe5 b4 12. O-O bxc3 13. bxc3 b5 14. Bf3 Ba3
15. Rab1 Ba6 16. e4 O-O-O 17. Rbd1 Bb2 18. Nb1 b4 19. cxb4 c3 20. Nxc3 Bxf1 21.
Kxf1 Bxc3 22. Rc1 dxe4 23. Rxc3+ Kb7 24. Bxf6 gxf6 25. Bxe4+ Kb6 26. a3 Rxd4
27. Bf3 Rhd8 28. Rc6+ Kb5 29. Rc7 Rd2 30. Rxf7 Rc8 31. Ke1 Ra2 32. Be2+ Kb6 33.
Rxf6 Rc1+ 34. Bd1 Raa1 35. Rxe6+ Kc7 36. Re7+ Kd6 37. Rxh7 Rxd1+ 38. Ke2 Re1+
39. Kf3 Rxa3+ 40. Kg4 Re4+ 41. f4 Rxb4 42. Kg5 Ra8 43. Rg7 Ra2 44. Kf5 Rf2 45.
Rg4 Rbb2 46. Rg6+ Ke7 47. g4 Rb5+ 48. Ke4 Rb4+ 49. Ke3 Rfxf4 50. h3 Rf6 51.
Rg7+ Rf7 0-1

[Event "33. Open Ciudad de San Sebastian"]
[Site "San Sebastián ESP"]
[Date "2010.03.29"]
[Round "2.29"]
[White "Trepat Herranz, Joan"]
[Black "Fletcher, John"]
[Result "1-0"]
[WhiteElo "2305"]
[BlackElo "2004"]
[PlyCount "65"]
[EventDate "2010.03.28"]
[EventType "swiss"]
[EventRounds "9"]
[EventCountry "ESP"]
[Source "lmi"]
[SourceDate "2010.03.28"]

1. d4 d5 2. c4 e6 3. Nf3 Nf6 4. g3 dxc4 5. Bg2 Bb4+ 6. Bd2 a5 7. O-O O-O 8. Bg5
h6 9. Bxf6 Qxf6 10. Qc2 b5 11. Ng5 hxg5 12. Bxa8 Qxd4 13. Bg2 Be7 14. Nc3 Qb6
15. Rad1 Nd7 16. Qe4 b4 17. Nd5 exd5 18. Qxe7 d4 19. Qxg5 Nf6 20. e4 d3 21. e5
Nh7 22. Qh4 Ba6 23. Rfe1 Re8 24. Bd5 c3 25. bxc3 bxc3 26. Be4 Ng5 27. Qxg5 d2
28. Re3 Qb2 29. Qh5 Re6 30. Rb1 c2 31. Bxc2 Qxb1+ 32. Bxb1 Rb6 33. Bc2 1-0